| 000 | 01025cam a2200241 4500 | ||
|---|---|---|---|
| 001 | WS111023 | ||
| 008 | 000000n 000 0 eng u | ||
| 035 | _a(Sirsi) u111023 | ||
| 110 |
_aCPR Institute for Dispute Resolution _94043 |
||
| 245 | _aCPR Institute for Dispute Resolution | ||
| 520 | _aSite for this organisation whose mission is 'to install alternative dispute resolution into the mainstream of corporate law department and law firm practice'. Includes model clauses used in the USA, Canada and Europe and details of how ADR can be used in different areas. | ||
| 650 | _aINTERNATIONAL | ||
| 650 | _aMANAGEMENT-DISPUTE AVOIDANCE, MANAGEMENT AND RESOLUTION-DISPUTE MANAGEMENT AND RESOLUTION-ARBITRATION | ||
| 650 | _aBUILT ENVIRONMENT | ||
| 650 | _aMEDIATION | ||
| 650 |
_aEnvironment _96238 |
||
| 650 | _aUSA | ||
| 650 | _aCANADA | ||
| 650 | _aORGANISATION | ||
| 690 |
_aDispute resolution _96236 |
||
| 856 | 4 | 0 |
_uhttps://www.cpradr.org _zView the website free of charge at www.cpradr.org... |
| 942 | _n0 | ||
| 999 |
_c119802 _d119802 |
||